| 000 | 01033nam a2200265 a 4500 | ||
|---|---|---|---|
| 001 | 000028804 | ||
| 003 | OSt | ||
| 005 | 20240508073816.0 | ||
| 008 | 110412s2010 dr 001 e spa d | ||
| 020 | _a9789945074055 | ||
| 040 |
_aDO-SdBNP _bspa _cBNPHU |
||
| 082 | 4 |
_a370.97293 _bP153e _222 |
|
| 100 | 1 |
_aPalacín Iglesias, Gregorio B., _d1905- _955777 |
|
| 245 | 1 | 0 |
_aEnsayos y apuntes pedagógicos / _cGregorio B. Palacín Iglesias ; editor Andrés Blanco Díaz. |
| 260 |
_aSanto Domingo : _bComisión Permanente de Efemérides Patria : _bArchivo General de la Nación, _c2010. |
||
| 300 |
_a392 p. ; _c23 cm. |
||
| 490 | 1 |
_aArchivo General de la Nación _v112 |
|
| 500 | _aIncluye datos biográficos del autor en las solapas | ||
| 500 | _aIncluye índice onomástico | ||
| 504 | _aIncluye bibliografía y notas al pie de páginas. | ||
| 590 | _aInventariado, 2021 / DG | ||
| 650 | 4 |
_aEducación _zRepública Dominicana _xEnsayos, conferencias, etc. _917454 |
|
| 910 | _aValidado. Control de calidad EMS. | ||
| 942 |
_2ddc _cLBS1 |
||
| 999 |
_c28296 _d28296 |
||